| 000 | 01070nam a22003017a 4500 | ||
|---|---|---|---|
| 001 | 5421 | ||
| 003 | FISKH | ||
| 005 | 20241204150856.0 | ||
| 008 | 241204b cb ||||| |||| 00| 0 eng d | ||
| 020 | _a9780545398879 | ||
| 040 |
_aFISKH _beng _cFISKH _dFISKH |
||
| 050 | _aPZ7.M9535 | ||
| 082 | _a813.54 | ||
| 100 | _aMurphy, Jim | ||
| 245 |
_aOn Enemy Soil : _bThe Journal of James Edmond Pease: A Civil War Union Soldier, Virginia, 1863 / _cby Jim Murphy |
||
| 250 | _aThis edition was printing, September 2012 | ||
| 260 |
_aNew York : _bScholastic ; _c1998 . |
||
| 300 |
_a187 pages : _billustrations, maps ; _c20 cm . |
||
| 505 | _aZ | ||
| 520 | _aJames Edmond, a sixteen-year-old orphan, keeps a journal of his experiences and those of "G" Company which he joined as a volunteer in the Union Army during the Civil War. | ||
| 521 | 8 |
_a1070
_bLexile |
|
| 521 | 8 |
_aZ
_bRaz-Plus |
|
| 650 |
_aAmerican Civil War _vFiction |
||
| 650 |
_a19th century _vFiction |
||
| 700 |
_aScott, Steve _eBook designer |
||
| 942 |
_2ddc _cBK _n0 |
||
| 999 |
_c5421 _d5421 |
||